banner-ar

TEACHING YOUNG ADULT LITERATURE: SHARING THE CONNECTION / (Record no. 23828)

MARC details
000 -الفاتح
حقل البيانات ثابتة الطول 00547nam a2200193Ia 4500
008 - عناصر البيانات ثابتة الطول - معلومات عامة
حقل البيانات ثابتة الطول 140319s9999 xx 000 0 eng d
040 ## - مصدر الفهرسة
وكالة الفهرسة الأصلية GCL /
وكالة النسخ GCL
082 04 - رقم تصنيف ديوى العشرى
رقم التصنيف 809.89283
رقم المادة B T
100 1# - المدخل الرئيسى - إسم شخصى
الإسم الشخصى STEPHENS, ELAINE C.
245 10 - بيان العنوان
العنوان TEACHING YOUNG ADULT LITERATURE: SHARING THE CONNECTION /
بيان المسئوليه,etc STEPHENS, ELAINE C.
700 1# - المدخل الاضافى - اسم شخصى
الإسم الشخصى BROWN, JEAN E.
260 ## - PUBLICATION, DISTRIBUTION, ETC. (IMPRINT)
تاريخ النشر أو التوزيع 1995
300 ## - الوصف المادى
التعداد 320 P
650 04 - المدخل الاضافى بالموضوع-مصطلح موضوعى
مصطلح موضوعي LITERATURE
650 04 - المدخل الاضافى بالموضوع-مصطلح موضوعى
مصطلح موضوعي STUDY AND TEACHING
650 04 - المدخل الاضافى بالموضوع-مصطلح موضوعى
مصطلح موضوعي YOUNG ADULTS
942 ## - عناصر المدخل الإضافي( كوها)
مصدر التصنيف او مخطط الترفيف Dewey Decimal Classification
Koha [default] item type كتاب
260 ## - PUBLICATION, DISTRIBUTION, ETC. (IMPRINT)
-- [S.N] :
-- WADSUARTH PUBBISINT COMPANY ،
Holdings
حالة التراجع حالة الفقد حالة تلف ليس للاعارة المكان المؤقت الموقع الحالى تاريخ الاكتساب اجمالي اﻻعارات رقم الطلب الباركود تاريخ اخر مشاهدة تاريخ تفعيل السعر نوع وعاء كوها
        مكتبة القاهرة الكبرى مكتبة القاهرة الكبرى 03/26/2014   809.89283\B T 42481 03/26/2014 03/26/2014 كتاب

Powered By

EGPV